Netherlands vs Belgium - Statistics

General Stats
  • This quiz has been taken 36 times
  • The average score is 7 of 18
Answers on the Grid
Answers color-coded by a green-red scale on the quiz's grid according to % correct below.
Aalst
Amersfoort
Amsterdam
Antwerpen
Arnhem
Baarle-Hertog
Baarle-Nassau
Breda
Bree
Brugge
Brussel
Delft
Den Bosch ('s-Hertogenbosch)
Den Haag ('s-Gravenzande)
Eindhoven
Geel
Gent
Groningen
Haarlem
Hasselt
Hoogstraten
Kortrijk
Lommel
Leuven
Luik
Maasbree
Maaseik
Maastricht
Mechelen
Mol
Nijmegen
Poperinge
Rotterdam
Tienen
Tilburg
Turnhout
Utrecht
Veurne
Zwolle
 
Answer Stats
Answer % Correct
An Dutch city. Amsterdam
87%
An Dutch city. Amersfoort
57%
An Dutch city. Arnhem
52%
An Dutch city. Breda
52%
An Dutch city. Eindhoven
48%
An Dutch city. Den Haag ('s-Gravenzande)
43%
An Dutch city. Groningen
43%
An Dutch city. Haarlem
39%
An Dutch city. Den Bosch ('s-Hertogenbosch)
35%
An Dutch city. Maastricht
35%
An Dutch city. Rotterdam
35%
An Dutch city. Nijmegen
30%
An Dutch city. Tilburg
30%
An Dutch city. Utrecht
30%
An Dutch city. Baarle-Nassau
26%
An Dutch city. Delft
26%
An Dutch city. Zwolle
26%
An Dutch city. Maasbree
4%
No matching quizzes found
Score Distribution
Percent of People with Each Score
Percentile by Number Answered
Your Score History
You have not taken this quiz